000 01665nam0a2200313 4500
001 RU\NLR\bibl\1062105
005 20260407073308.0
010 _a5-9501-0163-4
_9800
035 _a(NLR Aleph) 001049371
090 _a868695
_c868695
100 _a20070321d2006 |||y0rusy50 ca
101 0 _arus
102 _aRU
105 _ay |||||||||
200 1 _aРусь и Балтика в эпоху викингов
_eархеологические коллекции Государственного Эрмитажа
_eкаталог выставки Государственного Эрмитажа, [Калининград, 22 декабря 2006 - 1 апреля 2007 года]
_fГос. Эрмитаж, Калинингр. обл. ист.-худож. музей
_g[авт.-сост.: Б.С. Короткевич, к.ист.н. и др.]
210 _aСанкт-Петербург
_cСлавия
_d2006
215 _a119 с.
_cил.
_d22
320 _aБиблиогр.: с. 116-119
606 1 _aВикинги
_jВыставки
_xАрхеология
_91354546
_3RU\NLR\auth\66251508
606 1 _aСредневековая археология
_jВыставки
_yПрибалтика
_91683234
_3RU\NLR\auth\661046273
686 _aТ4(2Р31)л62
702 1 _aКороткевич
_bБ. С.
_gБорис Сергеевич
_4220
712 0 2 _4570
_aГосударственный Эрмитаж
_cСанкт-Петербург
_3RU\NLR\AUTH\883267
_9277747
801 0 _aRU
_bNLR
_c20070321
_gRCR
801 1 _aRU
_bNLR
_c20070321
942 _cBOOK
980 _aNB